Vyhliadka a vinárstvo, Pezinok
Enregistré dans:
| Auteur principal: | |
|---|---|
| Autres auteurs: | |
| Format: | Manuscrit Livre |
| Langue: | slovaque |
| Publié: |
2024
|
| Sujets: | |
| Accès en ligne: | http://is.stuba.sk/zp/portal_zp.pl?podrobnosti=161918 |
| Tags: |
Pas de tags, Soyez le premier à ajouter un tag!
|
MARC
| LEADER | 00000ntm a22000003a 4500 | ||
|---|---|---|---|
| 001 | stuzp98877 | ||
| 003 | SK-STU | ||
| 005 | 20240615211252.2 | ||
| 007 | ta | ||
| 008 | 150427s2015----xo-----f-mn---000-0-slo-d | ||
| 040 | |a STU |b slo | ||
| 041 | 0 | |a slo | |
| 100 | 1 | |a Kusendová, Eva |u 051110 |4 aut |U FAD Fakulta architektúry a dizajnu |T FAD Ústav architektúry obytných budov |X 110178 |U A1110 |Y 392 |7 110178 | |
| 242 | 0 | 1 | |a Lookout Point and Winery, Pezinok |y eng |
| 245 | 1 | 0 | |a Vyhliadka a vinárstvo, Pezinok |
| 260 | |c 2024 | ||
| 650 | 4 | |a kameň |2 slo | |
| 650 | 4 | |a architektúra |2 slo | |
| 650 | 4 | |a vyhliadka |2 slo | |
| 650 | 4 | |a vinárstvo |2 slo | |
| 650 | 4 | |a Pezinok |2 slo | |
| 650 | 4 | |a winery |2 eng | |
| 650 | 4 | |a stone |2 eng | |
| 650 | 4 | |a architecture |2 eng | |
| 650 | 4 | |a lookout point |2 eng | |
| 650 | 4 | |a Pezinok |2 eng | |
| 700 | 1 | |a Kusý, Martin |u 051110 |k Z1 |4 ths |U FAD Fakulta architektúry a dizajnu |T FAD Ústav architektúry obytných budov |X 3763 |U A1110 |Y 392 |7 A000003763 | |
| 856 | 4 | |u http://is.stuba.sk/zp/portal_zp.pl?podrobnosti=161918 | |